| 000 | 00447nam a2200145Ia 4500 | ||
|---|---|---|---|
| 008 | 220214s9999 xx 000 0 und d | ||
| 022 | _a1042-170X | ||
| 245 | 0 | _aPopular Electronics | |
| 260 |
_bZiff-Davis Publishing Co., Park Avenue, New York _aUSA |
||
| 310 | _aM | ||
| 500 | _aEnding Volume & Year: 20, 1982 | ||
| 500 | _aMissing Volume: 12(1-5);13;14(6);15(1);17(2);18;19(3);20(3) | ||
| 500 | _aStarting Volume & Year: 12, 1977 | ||
| 942 | _cBJ | ||
| 999 |
_c7716 _d7716 |
||